Cantons suisses à l'aveugle - Statistiques

Statistiques générales
  • Ce quiz a été pris 32 fois
  • Le résultat moyen est 21 sur 26
Statistiques - réponses
Pays % Correct
Valais
96%
Bâle-Campagne
92%
Bâle-Ville
92%
Berne
92%
Genève
92%
Vaud
92%
Zurich
92%
Grisons
88%
Neuchâtel
88%
Fribourg
84%
Jura
84%
Saint-Gall
84%
Tessin
84%
Uri
80%
Appenzell Rhodes-Extérieures
76%
Appenzell Rhodes-Intérieures
76%
Argovie
72%
Nidwald
72%
Schwytz
72%
Soleure
72%
Thurgovie
72%
Lucerne
68%
Obwald
68%
Zoug
64%
Glaris
60%
Schaffhouse
60%
Aucun quiz correspondant
Distribution des résultats
% des personnes avec chaque résultat
Percentile par nombre de réponses
Votre historique - résultats
Vous n’avez pas pris ce quiz